[Event "TCh-ISR 2019"]
[Site "Israel ISR"]
[Date "2019.03.08"]
[Round "9.3"]
[Board "2"]
[White "Nabaty, Tamir"]
[Black "Korobov, Anton"]
[Result "1-0"]
[WhiteTitle "GM"]
[BlackTitle "GM"]
[WhiteElo "2669"]
[BlackElo "2699"]
[WhiteTeam "Kfar Saba"]
[BlackTeam "Beer Sheva Alef in name of Eliyahu Levant"]
[WhiteFideId "2809052"]
[BlackFideId "14105730"]
[EventDate "2019.01.04"]

1. d4 d5 2. Nf3 Nf6 3. Bf4 e6 4. e3 Bd6 5. Bxd6 cxd6 6. c4 O-O 7. Nc3 dxc4 8.
Bxc4 d5 9. Bd3 Nc6 10. O-O Qd6 11. Rc1 Bd7 12. Nb5 Qb8 13. a3 Rc8 14. Qe2 a6 15.
Nc3 Qd6 16. e4 dxe4 17. Nxe4 Qe7 18. Rfe1 Be8 19. Nc3 Rd8 20. Rcd1 Qc7 21. Bc4
Ne7 22. Bxe6 fxe6 23. Qxe6+ Kf8 24. Ng5 Bh5 25. g4 h6 26. Qxf6+ gxf6 27. Ne6+
Kf7 28. Nxc7 Bxg4 29. Rxe7+ Kxe7 30. Re1+ Kf7 31. Nxa8 Rxa8 32. Kg2 Rd8 33. f3
Bc8 34. Rd1 b5 35. Kf2 Bb7 36. d5 h5 37. Ke3 Re8+ 38. Kd4 Rg8 39. Ne4 Rd8 40.
Kc5 Ke7 41. Ng3 Bc8 42. Re1+ Kf7 43. Ne4 Bh3 44. Nd6+ Kf8 45. Re4 Kg7 46. Re8
Rd7 47. Kc6 Kh6 48. Rh8+ 1-0

[Event "TCh-ISR 2019"]
[Site "Israel ISR"]
[Date "2019.03.08"]
[Round "9.3"]
[Board "3"]
[White "Postny, Evgeny"]
[Black "Grinberg, Eyal"]
[Result "1-0"]
[WhiteTitle "GM"]
[BlackTitle "IM"]
[WhiteElo "2623"]
[BlackElo "2470"]
[WhiteTeam "Beer Sheva Alef in name of Eliyahu Levant"]
[BlackTeam "Kfar Saba"]
[WhiteFideId "2804344"]
[BlackFideId "2806070"]
[EventDate "2019.01.04"]

1. d4 d5 2. c4 c6 3. Nf3 Nf6 4. e3 e6 5. Bd3 Nbd7 6. b3 b6 7. O-O Bb7 8. Bb2 Bd6
9. Nbd2 O-O 10. Ne5 c5 11. cxd5 Nxd5 12. Ne4 Be7 13. Nxd7 Qxd7 14. dxc5 f5 15.
Nd6 Bxd6 16. cxd6 Qxd6 17. Bc4 Qc6 18. Qd4 Nf6 19. f3 b5 20. Be2 Rad8 21. Qxa7
Rd2 22. Rfc1 Ra8 23. Qxa8+ Bxa8 24. Rxc6 Bxc6 25. Bxf6 Rxe2 26. Bd4 g5 27. Rc1
Bd5 28. Rc8+ Kf7 29. Rc7+ Kg6 30. Rg7+ Kh6 31. Bf6 g4 32. Rg5 gxf3 33. gxf3 Rxa2
34. h4 Ra7 35. Bd4 Rf7 36. Kf2 Bxb3 37. Kg3 f4+ 38. exf4 Bc2 39. f5 Bxf5 40. Be3
Bg6 41. h5 1-0

[Event "TCh-ISR 2019"]
[Site "Israel ISR"]
[Date "2019.03.08"]
[Round "9.3"]
[Board "4"]
[White "Rozentalis, Eduardas"]
[Black "Roiz, Michael"]
[Result "1/2-1/2"]
[WhiteTitle "GM"]
[BlackTitle "GM"]
[WhiteElo "2526"]
[BlackElo "2605"]
[WhiteTeam "Kfar Saba"]
[BlackTeam "Beer Sheva Alef in name of Eliyahu Levant"]
[WhiteFideId "12800023"]
[BlackFideId "2804158"]
[EventDate "2019.01.04"]

1. e4 e5 2. Nf3 Nc6 3. Bb5 Nf6 4. O-O Nxe4 5. Re1 Nd6 6. Nxe5 Be7 7. Bf1 Nxe5 8.
Rxe5 O-O 9. d4 Ne8 10. c3 d5 11. Bd3 c6 12. Nd2 Bd6 1/2-1/2

[Event "TCh-ISR 2019"]
[Site "Israel ISR"]
[Date "2019.03.08"]
[Round "9.3"]
[Board "5"]
[White "Mikhalevski, Victor"]
[Black "Givon, Asaf"]
[Result "1-0"]
[WhiteTitle "GM"]
[BlackTitle "IM"]
[WhiteElo "2581"]
[BlackElo "2465"]
[WhiteTeam "Beer Sheva Alef in name of Eliyahu Levant"]
[BlackTeam "Kfar Saba"]
[WhiteFideId "2801914"]
[BlackFideId "2801841"]
[EventDate "2019.01.04"]

1. Nf3 c5 2. e3 g6 3. d4 Nf6 4. dxc5 Qa5+ 5. Nbd2 Bg7 6. a3 Qxc5 7. b4 Qc7 8.
Bb2 O-O 9. c4 b6 10. Be2 Bb7 11. O-O d6 12. Nd4 Nbd7 13. Nb5 Qb8 14. Rc1 a6 15.
Nc3 Rc8 16. Qb3 Ra7 17. Qa2 Qa8 18. Nf3 Ne4 19. Nb1 e5 20. Rfd1 Ndf6 21. Ne1 Bh6
22. Qb3 Qb8 23. Qd3 d5 24. cxd5 Rxc1 25. Rxc1 Bxd5 26. f3 Rd7 27. fxe4 Be6 28.
Qc3 Nxe4 29. Qc8+ Qxc8 30. Rxc8+ Kg7 31. Bxe5+ f6 32. Bf4 g5 33. Bb8 Kg6 34. Rc6
Bd5 35. Rxb6 1-0

[Event "TCh-ISR 2019"]
[Site "Israel ISR"]
[Date "2019.03.08"]
[Round "9.4"]
[Board "2"]
[White "Zanan, Evgeny"]
[Black "Khmelniker, Ilya"]
[Result "1-0"]
[WhiteTitle "IM"]
[BlackTitle "GM"]
[WhiteElo "2528"]
[BlackElo "2483"]
[WhiteTeam "Feldklain Rishon leTsion"]
[BlackTeam "Beer Sheva Yud-Alef"]
[WhiteFideId "24101940"]
[BlackFideId "2805340"]
[EventDate "2019.01.04"]

1. d4 Nf6 2. c4 g6 3. Nc3 d5 4. Nf3 Bg7 5. h4 c6 6. cxd5 cxd5 7. Bf4 Ne4 8. Qb3
Nxc3 9. bxc3 Nc6 10. e3 Qa5 11. Bd3 O-O 12. O-O Qd8 13. e4 e6 14. h5 h6 15. hxg6
fxg6 16. Bg3 g5 17. Ne5 Qb6 18. Qd1 Nxe5 19. Bxe5 Bd7 20. Bxg7 Kxg7 21. e5 Qa5
22. Rc1 Qxa2 23. f4 Ba4 24. Qh5 Be8 25. Qh3 Qd2 26. Rc2 1-0

[Event "TCh-ISR 2019"]
[Site "Israel ISR"]
[Date "2019.03.08"]
[Round "9.4"]
[Board "4"]
[White "Kobo, Ori"]
[Black "Shvayger, Yuliya"]
[Result "1/2-1/2"]
[WhiteTitle "GM"]
[BlackTitle "IM"]
[WhiteElo "2485"]
[BlackElo "2387"]
[WhiteTeam "Feldklain Rishon leTsion"]
[BlackTeam "Beer Sheva Yud-Alef"]
[WhiteFideId "2812320"]
[BlackFideId "14100126"]
[EventDate "2019.01.04"]

1. e4 c5 2. Nf3 Nc6 3. Bb5 g6 4. Bxc6 bxc6 5. O-O Bg7 6. Re1 Nh6 7. c3 O-O 8. d4
cxd4 9. cxd4 d5 10. e5 f6 11. e6 Qd6 12. Qe2 c5 13. dxc5 Qxc5 14. Be3 Qc4 15.
Qxc4 dxc4 16. Nbd2 Nf5 17. Bc5 Ba6 18. g4 Rfc8 19. Ba3 Nd6 20. Bxd6 exd6 21. Ne4
Bb7 22. Nfd2 Rc6 23. Nc3 Re8 24. Rad1 f5 25. gxf5 gxf5 26. Re2 Rc5 27. f4 Kh8
28. h3 Bh6 29. Rf1 Rc7 30. Rff2 Rg7+ 31. Kf1 Reg8 32. Ke1 Rg1+ 33. Nf1 Re8 34.
Nb5 Bf8 35. Kd2 Rg6 36. Nd4 d5 37. Ne3 Bb4+ 38. Kc2 Bc5 39. Nexf5 Rf6 40. Rf1
Bc8 41. Kc3 Rexe6 42. Nxe6 Bxe6 43. Nd4 Bxh3 44. Rff2 Rg6 45. Re8+ Kg7 46. Rfe2
Kf7 47. R8e5 Rg3+ 48. R2e3 Rxe3+ 49. Rxe3 Bg2 50. Re5 Bb6 51. Rf5+ Ke7 52. Rh5
Be4 53. f5 Kf6 54. Rh6+ Kg7 55. Rd6 Ba5+ 56. b4 cxb3+ 57. Kxb3 Bb6 58. f6+ Kg6
59. Nc6 Bc5 60. Re6 h5 61. Nd8 h4 62. f7+ Kg7 63. Re5 Bd6 64. Rg5+ Kh6 65. Rg8
h3 66. Rh8+ Bh7 67. f8=Q+ Bxf8 68. Rxf8 h2 69. Rf1 Be4 70. Kc3 h1=Q 71. Rxh1+
Bxh1 72. Kd4 Kg6 73. Nc6 Kf6 74. Nxa7 Ke6 75. a4 Kd6 76. Nb5+ Kc6 77. Nc3 Kb6
78. a5+ Kxa5 79. Nxd5 1/2-1/2

[Event "TCh-ISR 2019"]
[Site "Israel ISR"]
[Date "2019.03.08"]
[Round "9.4"]
[Board "5"]
[White "Sidorenko, Ilya"]
[Black "Liss, Eran"]
[Result "1-0"]
[WhiteTitle "IM"]
[BlackTitle "GM"]
[WhiteElo "2395"]
[BlackElo "2431"]
[WhiteTeam "Beer Sheva Yud-Alef"]
[BlackTeam "Feldklain Rishon leTsion"]
[WhiteFideId "2807769"]
[BlackFideId "2800721"]
[EventDate "2019.01.04"]

1. e4 c5 2. Nf3 e6 3. Nc3 a6 4. d4 cxd4 5. Nxd4 b5 6. Bd3 Bb7 7. O-O Qc7 8. Re1
Bc5 9. Be3 b4 10. Na4 Bd6 11. Nf3 Nf6 12. Nb6 Ng4 13. Nxa8 Bxa8 14. h3 Nxe3 15.
Rxe3 Bc5 16. Re2 g5 17. c3 bxc3 18. Rc1 Rg8 19. Rxc3 g4 20. hxg4 Rxg4 21. Kf1
Qb6 22. Rec2 Bd6 23. Rc8+ Ke7 24. e5 Bxe5 25. Nxe5 Bxg2+ 26. Ke2 Rg5 27. R8c5 f6
28. Qd2 Qd6 29. f4 Rg3 30. Qe1 Rh3 31. Kf2 fxe5 32. Kxg2 Qxd3 33. R2c3 Qd4 34.
Kxh3 1-0

[Event "TCh-ISR 2019"]
[Site "Israel ISR"]
[Date "2019.03.08"]
[Round "9.5"]
[Board "1"]
[White "Smirin, Ilia"]
[Black "Zoler, Dan"]
[Result "1-0"]
[WhiteTitle "GM"]
[BlackTitle "GM"]
[WhiteElo "2610"]
[BlackElo "2503"]
[WhiteTeam "Ashdod Elit"]
[BlackTeam "Hertslia"]
[WhiteFideId "2801990"]
[BlackFideId "2800705"]
[EventDate "2019.01.04"]

1. e4 c5 2. Nf3 d6 3. d4 cxd4 4. Nxd4 Nf6 5. Nc3 a6 6. Be3 Ng4 7. Bg5 h6 8. Bc1
Nf6 9. Bd3 Nc6 10. Nxc6 bxc6 11. f4 e5 12. Qf3 Be7 13. O-O O-O 14. Kh1 Qc7 15.
fxe5 dxe5 16. Na4 Be6 17. b3 Nd7 18. Be3 Bg5 19. Bg1 g6 20. Qe2 Qb7 21. Rad1 Be7
22. h3 a5 23. Rf3 Kg7 24. Bc4 Bxc4 25. Qxc4 Rad8 26. Rdf1 f6 27. Rd3 Rfe8 28.
Rfd1 Nf8 29. Bb6 Ra8 30. R3d2 h5 31. Kh2 Ra6 32. Bc5 Qb5 33. Qc3 Ne6 34. Rd7 Kf7
35. Qe3 Raa8 36. c4 Qb8 37. Qh6 Ng5 38. h4 1-0

[Event "TCh-ISR 2019"]
[Site "Israel ISR"]
[Date "2019.03.08"]
[Round "9.5"]
[Board "2"]
[White "Bakalchuk, Johnatan"]
[Black "Sutovsky, Emil"]
[Result "0-1"]
[WhiteTitle "IM"]
[BlackTitle "GM"]
[WhiteElo "2456"]
[BlackElo "2628"]
[WhiteTeam "Hertslia"]
[BlackTeam "Ashdod Elit"]
[WhiteFideId "2810301"]
[BlackFideId "2802007"]
[EventDate "2019.01.04"]

1. e4 e5 2. Nf3 Nc6 3. d4 exd4 4. Nxd4 Nf6 5. Nxc6 bxc6 6. e5 Qe7 7. Qe2 Nd5 8.
c4 Ba6 9. b3 g6 10. f4 g5 11. Ba3 Nb4 12. f5 O-O-O 13. Bb2 c5 14. Nc3 d5 15. a3
Nc6 16. f6 Qe8 17. Qg4+ Kb8 18. Nxd5 Nxe5 19. Qe4 Nxc4 20. Qxe8 Rxe8+ 21. Kf2
Nxb2 22. Bxa6 Re6 23. Rhb1 Rxa6 24. Rxb2 Rd6 25. Rd1 c6 26. Nc3 Rxf6+ 27. Kg1
Bg7 28. b4 Rf5 29. bxc5+ Kc7 30. Rb3 Re8 31. Na2 Bd4+ 0-1

[Event "TCh-ISR 2019"]
[Site "Israel ISR"]
[Date "2019.03.08"]
[Round "9.5"]
[Board "3"]
[White "Fridman, Daniel"]
[Black "Caspi, Israel"]
[Result "1-0"]
[WhiteTitle "GM"]
[BlackTitle "IM"]
[WhiteElo "2631"]
[BlackElo "2455"]
[WhiteTeam "Ashdod Elit"]
[BlackTeam "Hertslia"]
[WhiteFideId "11600454"]
[BlackFideId "2807394"]
[EventDate "2019.01.04"]

1. Nf3 Nf6 2. c4 e6 3. g3 d5 4. d4 dxc4 5. Bg2 a6 6. Ne5 Bb4+ 7. Nc3 Nd5 8. Bd2
b5 9. O-O Bb7 10. Nxd5 Bxd2 11. Nf6+ gxf6 12. Bxb7 fxe5 13. Bxa8 Qxd4 14. Qc2
Ba5 15. Rad1 Qc5 16. a3 Bb6 17. b3 cxb3 18. Qxb3 O-O 19. Bg2 Qe7 20. a4 b4 21.
Kh1 Nd7 22. a5 Bd4 23. Qc4 Qc5 24. Qxa6 Nb8 25. Qa8 Qb5 26. Qe4 Qxa5 27. Qg4+
Kh8 28. Qg5 f6 29. Qh6 Qc5 30. e3 Bc3 31. Rd8 Rxd8 32. Qxf6+ Kg8 33. Qxd8+ Qf8
34. Rd1 1-0

[Event "TCh-ISR 2019"]
[Site "Israel ISR"]
[Date "2019.03.08"]
[Round "9.5"]
[Board "4"]
[White "Zifroni, Dov"]
[Black "Golod, Vitali"]
[Result "1/2-1/2"]
[WhiteTitle "GM"]
[BlackTitle "GM"]
[WhiteElo "2442"]
[BlackElo "2532"]
[WhiteTeam "Hertslia"]
[BlackTeam "Ashdod Elit"]
[WhiteFideId "2800659"]
[BlackFideId "2804140"]
[EventDate "2019.01.04"]

1. Nf3 Nf6 2. c4 e6 3. g3 d5 4. Bg2 dxc4 5. Qa4+ c6 6. Qxc4 b5 7. Qc2 Bb7 8. O-O
Nbd7 9. Nc3 a6 10. a4 Be7 11. d4 O-O 12. Be3 Nd5 13. Nxd5 cxd5 14. axb5 axb5 15.
Rfc1 Rxa1 16. Rxa1 Qb6 17. Rc1 Rc8 18. Qb1 Rxc1+ 1/2-1/2

[Event "TCh-ISR 2019"]
[Site "Israel ISR"]
[Date "2019.03.08"]
[Round "9.5"]
[Board "5"]
[White "Bar, Roman"]
[Black "Haimovich, Tal"]
[Result "1/2-1/2"]
[WhiteTitle "IM"]
[BlackTitle "IM"]
[WhiteElo "2484"]
[BlackElo "2408"]
[WhiteTeam "Ashdod Elit"]
[BlackTeam "Hertslia"]
[WhiteFideId "2803879"]
[BlackFideId "2801698"]
[EventDate "2019.01.04"]

1. e4 e5 2. Nf3 Nc6 3. Bb5 Nf6 4. O-O Nxe4 5. Re1 Nd6 6. Nxe5 Nxe5 7. Rxe5+ Be7
8. Bf1 O-O 9. d4 Bf6 10. Re1 Re8 11. Rxe8+ Nxe8 12. c3 d5 13. Bd3 Be6 14. Bf4
Bg5 15. Bxg5 Qxg5 16. Qd2 1/2-1/2

[Event "TCh-ISR 2019"]
[Site "Israel ISR"]
[Date "2019.03.08"]
[Round "9.6"]
[Board "3"]
[White "Aharon, Ofir"]
[Black "Manor, Ilan"]
[Result "0-1"]
[WhiteTitle "FM"]
[BlackTitle "GM"]
[WhiteElo "2310"]
[BlackElo "2472"]
[WhiteTeam "haPoel Kfar Saba Bet"]
[BlackTeam "haPoel Petah Tiqwa Alef"]
[WhiteFideId "2800683"]
[BlackFideId "2800110"]
[EventDate "2019.01.04"]

1. e4 c5 2. Nf3 e6 3. d4 cxd4 4. Nxd4 Nc6 5. Nc3 Qc7 6. f4 a6 7. Nxc6 Qxc6 8.
Bd3 b5 9. Be3 Bb7 10. a3 Nf6 11. Qf3 b4 12. axb4 Bxb4 13. O-O O-O 14. Ne2 Bc5
15. Bxc5 Qxc5+ 16. Kh1 a5 17. Nc3 Qb4 18. Qh3 d5 19. exd5 exd5 20. Ra3 Bc6 21.
Rb3 Qc5 22. Qf5 a4 23. Ra3 Rfe8 24. Ne2 Qb4 25. Ra2 Re3 26. Ng3 Bd7 27. Qg5 h6
28. Qh4 Rae8 29. Nh5 Nxh5 30. Qxh5 Re1 31. Qf3 Rxf1+ 32. Bxf1 Re1 33. Ra3 Bb5 0-1

[Event "TCh-ISR 2019"]
[Site "Israel ISR"]
[Date "2019.03.08"]
[Round "9.6"]
[Board "4"]
[White "Steinberg, Nitzan"]
[Black "Shachar, Ehud"]
[Result "1-0"]
[WhiteTitle "GM"]
[BlackTitle "IM"]
[WhiteElo "2530"]
[BlackElo "2391"]
[WhiteTeam "haPoel Petah Tiqwa Alef"]
[BlackTeam "haPoel Kfar Saba Bet"]
[WhiteFideId "2801795"]
[BlackFideId "2802198"]
[EventDate "2019.01.04"]

1. e4 e6 2. d4 d5 3. Nc3 Bb4 4. e5 c5 5. Bd2 Ne7 6. Nb5 Bxd2+ 7. Qxd2 O-O 8. f4
cxd4 9. Nf3 Nbc6 10. Bd3 f6 11. exf6 Rxf6 12. O-O-O Bd7 13. Rhe1 a6 14. Nbxd4
Nxd4 15. Nxd4 Nc6 16. Nf3 Qc7 17. g3 Rc8 18. Kb1 h6 19. Re3 b5 20. Rde1 Na5 21.
Nd4 Qb6 22. c3 Nb7 23. Re5 Nc5 24. f5 Rd8 25. Bc2 Qd6 26. fxe6 Bxe6 27. Nxe6
Rxe6 28. Rxe6 Nxe6 29. Qd3 Ng5 30. Bb3 Kh8 31. Bxd5 Qc5 32. Rd1 Qf2 33. h4 Ne6
34. Qf3 Qb6 35. Re1 Nc5 36. Qf7 Qf6 37. Re8+ Rxe8 38. Qxe8+ Kh7 39. Bg8+ 1-0

[Event "TCh-ISR 2019"]
[Site "Israel ISR"]
[Date "2019.03.09"]
[Round "10.1"]
[Board "1"]
[White "Kravtsiv, Martyn"]
[Black "Dvoirys, Semen I."]
[Result "1/2-1/2"]
[WhiteTitle "GM"]
[BlackTitle "GM"]
[WhiteElo "2637"]
[BlackElo "2523"]
[WhiteTeam "Elitsur Dov Petah Tiqwa"]
[BlackTeam "Beer Sheva Yud-Alef"]
[WhiteFideId "14113147"]
[BlackFideId "4100379"]
[EventDate "2019.01.04"]

1. e4 c5 2. Nf3 d6 3. d4 cxd4 4. Nxd4 Nf6 5. Nc3 a6 6. Nb3 Nc6 7. Be3 e6 8. g4
h6 9. Qe2 Ne5 10. Rg1 b5 11. O-O-O Qc7 12. f4 Nc4 13. Bd4 e5 14. Nd5 Nxd5 15.
exd5 Be7 16. fxe5 dxe5 17. Bf2 Bb7 18. Bg2 Rc8 19. Rd3 a5 20. d6 Bxd6 21. Bxb7
Qxb7 22. Rxd6 Nxd6 23. Qxe5+ Qe7 24. Qxg7 Qg5+ 25. Qxg5 hxg5 26. Bg3 Nc4 27.
Re1+ Kd7 28. Nd4 Rc5 29. b3 Nd6 30. Nf3 Rh6 31. Rd1 Ke7 32. Nd4 Ke8 33. Nf3 Nb7
34. Rd3 Nd8 35. Bf2 Rc8 36. Be3 Ne6 37. Bd2 Rh3 38. Bxa5 Ra8 39. Bd2 Rxa2 40.
Kb1 Ra6 41. Re3 Rd6 42. Kc1 Rd5 43. Be1 Ke7 44. c4 bxc4 45. bxc4 Rd8 46. Bg3 f6
47. Kc2 Rhh8 48. h4 gxh4 49. Bxh4 Kf7 50. Re4 Rdg8 51. Kd2 Rg7 52. c5 Rc8 53.
Bf2 Nxc5 54. Rf4 Rd8+ 55. Ke2 Re8+ 56. Be3 Re4 57. Rxe4 Nxe4 58. Nd4 Kg6 59. Nf5
Rb7 60. Kf3 Ng5+ 61. Kg3 Rb3 62. Kf2 Kf7 63. Bxg5 fxg5 64. Nd4 Rd3 65. Nf3 Kf6
66. Kg2 Rd5 67. Kf2 Ra5 68. Kg2 Ke6 69. Kf2 Rd5 70. Ke3 Kd6 71. Ke4 Rc5 72. Ke3
Ra5 73. Kf2 Ke6 74. Kg2 Kf6 75. Kf2 Rc5 76. Kg2 Rc2+ 77. Kg3 Re2 78. Ng1 Re8 79.
Nf3 Rg8 80. Kf2 Re8 81. Kg2 Re3 82. Kf2 Rc3 83. Kg2 Rc2+ 84. Kg3 Ra2 85. Ng1 Ke6
86. Nf3 Ra5 87. Kf2 Kf6 88. Kg2 Ra4 89. Kg3 Rf4 90. Ng1 Re4 91. Nf3 Re8 92. Kg2
Rg8 93. Kf2 Ke6 94. Ke3 Kd5 95. Kd3 Ke6 96. Ke3 Kf6 97. Kf2 Rc8 98. Kg2 Rc4 99.
Kg3 Ra4 100. Ng1 1/2-1/2

[Event "TCh-ISR 2019"]
[Site "Israel ISR"]
[Date "2019.03.09"]
[Round "10.1"]
[Board "2"]
[White "Khmelniker, Ilya"]
[Black "Flom, Gabriel"]
[Result "1-0"]
[WhiteTitle "GM"]
[BlackTitle "IM"]
[WhiteElo "2483"]
[BlackElo "2467"]
[WhiteTeam "Beer Sheva Yud-Alef"]
[BlackTeam "Elitsur Dov Petah Tiqwa"]
[WhiteFideId "2805340"]
[BlackFideId "621650"]
[EventDate "2019.01.04"]

1. d4 Nf6 2. c4 c5 3. d5 b5 4. cxb5 a6 5. b6 d6 6. Nc3 Nbd7 7. a4 Qxb6 8. a5 Qa7
9. Nf3 g6 10. e4 Bg7 11. Be2 O-O 12. O-O Rb8 13. Nd2 Ne8 14. Nc4 Nc7 15. Na4 Nb5
16. Be3 Nd4 17. Nab6 Nxb6 18. axb6 Qb7 19. Rb1 f5 20. b4 fxe4 21. bxc5 dxc5 22.
Bxd4 Bxd4 23. Na5 Qd7 24. Nc6 Bb7 25. Bg4 Qd6 26. Nxd4 cxd4 27. Be6+ Kg7 28.
Qxd4+ Rf6 29. Qxe4 Rf4 30. Qe3 Rf6 31. Qg3 Qxg3 32. hxg3 Rff8 33. Rfc1 Rfd8 34.
Rc5 Bc8 35. Rc7 Bxe6 36. dxe6 Kf6 37. b7 Kxe6 38. Re1+ Kd6 39. Rexe7 h5 40. Rg7
a5 41. Rc2 Ke5 42. Rxg6 Rd1+ 43. Kh2 Rxb7 44. Rc5+ Ke4 45. Rxa5 Rf1 46. f3+ Kd4
47. Rd6+ Kc4 48. Rxh5 Rb2 49. Rh8 Kc5 50. Rd3 1-0

[Event "TCh-ISR 2019"]
[Site "Israel ISR"]
[Date "2019.03.09"]
[Round "10.1"]
[Board "3"]
[White "Kantarji, Pinchas"]
[Black "Vydeslaver, Alik"]
[Result "1/2-1/2"]
[WhiteTitle "IM"]
[BlackTitle "IM"]
[WhiteElo "2445"]
[BlackElo "2386"]
[WhiteTeam "Elitsur Dov Petah Tiqwa"]
[BlackTeam "Beer Sheva Yud-Alef"]
[WhiteFideId "2803712"]
[BlackFideId "2801876"]
[EventDate "2019.01.04"]

1. e4 e6 2. d4 d5 3. Nd2 c5 4. exd5 exd5 5. Ngf3 Nc6 6. Be2 Bd6 7. dxc5 Bxc5 8.
O-O Nge7 9. Nb3 Bd6 10. Bg5 O-O 11. Bh4 Qb6 12. Bg3 Bxg3 13. hxg3 Bg4 14. Nh4
Be6 15. Re1 a5 16. a4 d4 17. Nf3 Rad8 18. Bb5 h6 19. Nbd2 Qc7 20. Ne4 Bg4 21.
Qd2 Bxf3 22. gxf3 Nb4 23. Qd1 Qxc2 24. Nf6+ gxf6 25. Rxe7 Qxd1+ 26. Rxd1 b6 27.
Rb7 Rd6 28. Bc4 d3 29. Rd2 Kg7 30. f4 Kg6 31. Kg2 f5 32. Kh3 Kf6 33. b3 Kg6 34.
Kh4 h5 35. Kh3 Kf6 36. f3 Kg6 37. Kg2 Kf6 38. Kf2 Kg7 39. Re7 Kf6 40. Rb7 Kg6
41. Rc7 Kf6 42. Rb7 1/2-1/2

[Event "TCh-ISR 2019"]
[Site "Israel ISR"]
[Date "2019.03.09"]
[Round "10.1"]
[Board "4"]
[White "Klenburg, Michael"]
[Black "Bykhovsky, Avigdor"]
[Result "0-1"]
[WhiteTitle "IM"]
[BlackTitle "GM"]
[WhiteElo "2361"]
[BlackElo "2419"]
[WhiteTeam "Beer Sheva Yud-Alef"]
[BlackTeam "Elitsur Dov Petah Tiqwa"]
[WhiteFideId "14102072"]
[BlackFideId "4101057"]
[EventDate "2019.01.04"]

1. g3 d5 2. Bg2 Nf6 3. Nf3 g6 4. O-O Bg7 5. d3 O-O 6. Nbd2 c5 7. e4 Nc6 8. c3 b6
9. exd5 Nxd5 10. Re1 Bb7 11. Nc4 Qc7 12. Qb3 e6 13. a4 Rab8 14. h4 Ba8 15. h5
gxh5 16. Qd1 Rbd8 17. Qe2 Rfe8 18. Bg5 f6 19. Bh4 e5 20. Nfd2 Nce7 21. Qxh5 Ng6
22. Ne4 Rf8 23. Bh3 Qc6 24. Kh2 Nde7 25. Bg2 Qe6 26. Rad1 Qf5 27. Qf3 Qxf3 28.
Bxf3 Nf5 29. a5 b5 30. Na3 a6 31. Bh1 Rc8 32. Nc2 Nfxh4 33. gxh4 Nxh4 34. Ne3 f5
35. Ng5 Bxh1 36. Rxh1 Rc6 37. Nd5 Ng6 38. Kg3 Rd8 39. c4 h6 40. Nh3 Rcd6 41. b3
Kf7 42. f3 Ne7 43. Nxe7 Kxe7 44. Nf2 Rg6+ 45. Kh3 Bf6 46. Rhg1 Bg5 47. Rg3 b4
48. Kg2 Rdg8 49. Rh1 Be3 50. Rxg6 Rxg6+ 51. Kf1 Kf6 52. Ke2 Bd4 53. Rh2 Kg7 54.
Nh3 Rg3 55. Nf2 Rg1 56. Nd1 Kg6 57. Ne3 Bxe3 58. Kxe3 Re1+ 59. Kd2 Ra1 60. Rg2+
Kf6 61. Rg8 Rxa5 62. Ke3 Ra3 63. Rc8 Rxb3 64. Rxc5 Ra3 65. Rc6+ Kg5 66. Rb6 a5
67. Rb8 Ra1 68. Rg8+ Kf6 69. Kd2 b3 70. Kc3 a4 71. Rh8 Rc1+ 72. Kb2 Rc2+ 73. Kb1
a3 74. Rxh6+ Kg5 0-1

[Event "TCh-ISR 2019"]
[Site "Israel ISR"]
[Date "2019.03.09"]
[Round "10.1"]
[Board "5"]
[White "Deutsch, Eyal"]
[Black "Sidorenko, Ilya"]
[Result "0-1"]
[WhiteTitle "IM"]
[BlackTitle "IM"]
[WhiteElo "2350"]
[BlackElo "2395"]
[WhiteTeam "Elitsur Dov Petah Tiqwa"]
[BlackTeam "Beer Sheva Yud-Alef"]
[WhiteFideId "2803917"]
[BlackFideId "2807769"]
[EventDate "2019.01.04"]

1. e4 c5 2. Nc3 Nc6 3. Bb5 Nd4 4. Bc4 g6 5. Nf3 Bg7 6. Nxd4 cxd4 7. Qf3 Nh6 8.
Ne2 O-O 9. d3 Ng4 10. Bb3 d6 11. Qg3 Qb6 12. Bg5 Nf6 13. O-O a5 14. a4 Bd7 15.
Nf4 Bc6 16. Bxf6 Bxf6 17. Nd5 Bxd5 18. exd5 Qb4 19. f4 Kh8 20. Qe1 Qc5 21. Bc4
Rg8 22. Ra3 g5 23. f5 g4 24. Rb3 Qc8 25. Qe4 Be5 26. c3 Qf8 27. cxd4 Bf6 28.
Rxb7 Rb8 29. Rxb8 Qxb8 30. b3 Qb4 31. Kh1 Rg5 32. g3 Qd2 33. Qf4 Qc3 34. Qe4 Kg7
35. Rf4 Qd2 36. Qg2 Qe1+ 37. Qg1 Qd2 38. Rf2 Qc3 39. Rf4 Kf8 40. Qf2 Qc1+ 41.
Kg2 h5 42. Qe2 Qa1 43. Qd2 Kg7 44. Rf1 Qxd4 45. Qxa5 h4 46. Qd2 h3+ 47. Kh1 Rxf5
48. Qd1 Rf3 49. Qe2 Qe5 0-1